Central Library OPAC University of Rajshahi

The years of high theory : (Record no. 42815)

MARC details
000 -LEADER
fixed length control field 00662nam a2200217 a 4500
001 - CONTROL NUMBER
control field 42815
003 - CONTROL NUMBER IDENTIFIER
rucl marc code BD-RjUL
005 - DATE AND TIME OF LATEST TRANSACTION
control field 20211209053610.0
008 - FIXED-LENGTH DATA ELEMENTS--GENERAL INFORMATION
fixed length control field 160616s1967 enka 00100 eng d
035 ## - SYSTEM CONTROL NUMBER
System control number (BD-RjUL)42933
040 ## - CATALOGING SOURCE
Language of cataloging eng
Transcribing agency BD-RjUL
Original cataloging agency BD-RjUL
041 ## - LANGUAGE CODE
Language code of text/sound track or separate title eng
082 0# - DEWEY DECIMAL CLASSIFICATION NUMBER
Classification number 330.1
Edition number 23
Author mark and year SHY 1967
100 1# - MAIN ENTRY--PERSONAL NAME
Personal name Shackle, G. L. S.
9 (RLIN) 131570
245 14 - TITLE STATEMENT
Title The years of high theory :
Remainder of title invention and tradition in economic thought 1926-1939 /
Statement of responsibility, etc. G. L. S. Shackle.
260 ## - PUBLICATION, DISTRIBUTION, ETC. (IMPRINT)
Place of publication, distribution, etc. Cambridge :
Name of publisher, distributor, etc. Cambridge University Press,
Date of publication, distribution, etc. c1967.
300 ## - PHYSICAL DESCRIPTION
Pagination vii, 328 p :
Illustrations ill ;
Size 21 cm.
500 ## - GENERAL NOTE
General note Includes index.
650 ## - SUBJECT ADDED ENTRY--TOPICAL TERM
Topical term or geographic name as entry element Economics
9 (RLIN) 131571
942 ## - ADDED ENTRY ELEMENTS (KOHA)
Source of classification or shelving scheme Dewey Decimal Classification
Koha item type Books
Holdings
Lost status Source of classification or shelving scheme Damaged status Not for loan Collection code Permanent Location Current Location Shelving location Date acquired Source of acquisition Cost, normal purchase price Total Checkouts Full call number Date last seen Copy number Koha item type
  Dewey Decimal Classification     Non-fiction Central Library, University of Rajshahi Central Library, University of Rajshahi   16/06/2016 Zeit 45.00   330.1 SHY 1967 16/06/2016 C-2 Books
  Dewey Decimal Classification     Non-fiction Central Library, University of Rajshahi Central Library, University of Rajshahi     Euro Bangladesh News Agency. 105.60   330.1 SHY 1967 16/06/2016 C-3 Books
  Dewey Decimal Classification   Not For Loan Non-fiction Central Library, University of Rajshahi Central Library, University of Rajshahi Reading Room 06/01/1970 Zuit. 45.00   330.1 SHY 1967 27/12/2016 C-1 Books